000 00692nam a2200193Ia 4500
008 151119s9999||||xx |||||||||||||| ||und||
082 _a891.463
082 _bGKKV31605
100 _aनार्वेकर श्रीधर
245 _aअमृतझऱ्याच्या शोधात भुतावळ
260 _a--
260 _b--
260 _c0
600 _aनार्वेकर श्रीधर
630 _aअमृतझऱ्याच्या शोधात भुतावळ
700 _aनार्वेकर श्रीधर
730 _aअमृतझऱ्याच्या शोधात भुतावळ
942 _cBOOK
999 _c1083919
_d1083916